Statistics for Highest Rated Wrestlemania Matches

Click here to take the quiz!

General Stats

  • This quiz has been taken 61 times
    (39 since last reset)
  • The average score is 8 of 10

Answer Stats

EventRatingAnswer% Correct
WrestleMania 139.64Bret Hart v Steve Austin
97%
Wrestlemania 259.63Shawn Michaels v The Undertaker
88%
WrestleMania 269.55Shawn Michaels v The Undertaker
81%
Wrestlemania 209.57Shawn Michaels v Triple H v Chris Benoit
78%
WrestleMania 179.38The Rock v Steve Austin
75%
WrestleMania 289.21The Undertaker v Triple H
75%
WrestleMania 109.53Bret Hart v Owen Hart
72%
WrestleMania 179.61The Dudley Boys v Christian & Edge v Hardy Boys
72%
WrestleMania 219.50Shawn Michaels v Kurt Angle
63%
WrestleMania 399.40Drew McIntyre v Sheamus v Gunther
56%

Score Distribution

Percentile by Number Answered

Percent of People with Each Score

Your Score History

You have not taken this quiz since the last reset